[Event "Turnier 40 / 120"]
[Site "Wien"]
[Date "2022.07.21"]
[Round "16"]
[White "Mephisto Berlin 68000 - 12 MHZ"]
[Black "Novag Diamond II H8 - 32 MHZ"]
[Result "0-1"]
[BlackElo "2135"]
[WhiteElo "2138"]

{Analyse ----> Komodo 13.02.} 1. e4 Nf6 2. Nc3 e5 3. Nf3 Bb4 4. Bc4 O-O 5.
O-O Nc6 6. d3 Bxc3 7. bxc3 {Buchende} d5 8. exd5 {Buchbewertung Mephisto
Berlin 68000: +0,33} Nxd5 {Buchende} 9. Qe1 Qd6 {Buchbewertung Novag
Diamond II: -0,26 / lt. Komodo steht Weiss etwas besser mit ca. +0,70} 10.
Ba3 Qxa3 11. Bxd5 Bd7 12. Rb1 Rab8 13. c4 Rfe8??? {ein Verlustzug, danach
ist die Partie sofort verloren, Komodo +3,00 mit der Fortsetzung Sg5, nötig
war b6 mit geringem Vorteil für Weiss.} 14. Qc1??? {Mephisto Berlin
verpasst den sofortigen Gewinn, nach dem Textzug ist die Stellung wieder im
Lot} Qxc1 15. Rfxc1 Kf8 16. Ng5 f6 17. Nxh7+? {ein unfassbar schwacher Zug,
eine Erklärung ist da wohl nicht nötig, Komodo -1,50, Novag Diamond II
hätte den richtigen Zug Sf3 ! vorgeschlagen} Ke7 18. Be4 {etwas besser ist
noch f4, Komodo -2,40 mit der Fortsetzung Sd4} Nd4 19. Kf1 Rh8 20. c3 Nf5
21. c5 c6? {deutlich schwächer als b6, Komodo +1,40} 22. d4 {klar schwächer
als Tb2, Komodo -2,00} Rxh7? {ein schwacher Zug, der Weiss von dem Problem
des eingesperrten Springers befreit, Komodo +1,40 für Schwarz, deutlich
besser ist natürlich g6 mit ca. +2,40} 23. g4 g6 24. gxf5 gxf5 25. Bg2 Rxh2
26. Re1? {klar schwächer als f3, Komodo -2,30} f4? {klar schwächer als Tg8,
Komodo +1,50} 27. dxe5 fxe5 28. Rxe5+ Kf6 29. Re4 Bh3 30. Bxh3 Rh1+ 31. Ke2
{Schwarz steht klar auf Gewinn, Komodo +2,00} Rxb1 32. Rxf4+ Kg5 33. Rg4+
Kh6 34. Rh4+ Kg6 35. Rg4+ Kh5 36. Rb4 Re8+ {besser ist Txb4, Komodo +1,70}
37. Kd2 Rxb4 38. cxb4 Kg5 39. Bg2 Re5 40. Bf3 Kf4 41. Be2 Rg5 {die Stellung
ist klar verloren für Weiss, Komodo -3,00} 42. a3 Ke4 43. Bd1 Rg1 44. f3+
Kd4 45. Bb3 Rg2+ 46. Ke1 Ke3 47. Kd1 Kxf3 48. Be6 Ke3 49. Bc8 {da ist
natürlich nichts mehr zu retten für Weiss, Komodo -8,00} Kd3 50. Ke1 Rg7
51. Bf5+ Kc3 52. Bc8 Kb3 {Rest geschenkt, nachdem Mephisto Berlin eine
Gewinnchance nicht nützen konnte verdient er sich dann echt die Niederlage
mit dem völlig absurden Zug 17. Sxh7, dafür gibt es eigentlich keine
passenden Worte mehr, spricht für sich.} 0-1
[/pgn]
[pgn]

[Event "Turnier 40 / 120"]
[Site "Wien"]
[Date "2022.07.22"]
[Round "17"]
[White "Novag Diamond II H8 - 32 MHZ"]
[Black "Mephisto Berlin 68000 - 12 MHZ"]
[Result "0-1"]
[BlackElo "2138"]
[WhiteElo "2135"]

{Analyse ---> Komodo 13.02.} 1. c4 e5 2. Nc3 Nf6 3. Nf3 Nc6 4. g3 Bb4 5.
Bg2 O-O 6. O-O e4 7. Ng5 Bxc3 8. bxc3 Re8 9. Qc2 d5 10. cxd5 Qxd5 11. d3
Bf5 12. Qb2 b6 13. Bf4 h6 14. Nxe4 Nxe4 {Buchende} 15. dxe4 Bxe4
{Buchbewertung Mephisto Berlin 68000: -0,57} 16. Rfd1 Qc5 17. Bxc7? {ein
nicht idealer Buchzug, besser ist Lxe4 und die Stellung ist exakt im Lot,
nach dem Textzug ist Schwarz im Vorteil mit ca. +0,70} Bxg2 18. Kxg2
{Buchende} Qe7 {besser ist Sa5, nach dem Textzug ist die Stellung im Lot}
19. Bf4 {Buchbewertung Novag Diamond II: -0,61} Qxe2 20. Qxe2 Rxe2 21. Kf3
Rc2 22. Rdc1 Rxc1 23. Rxc1 g5 24. Be3 Ne5+ 25. Ke4 Nc4 26. Bd4 {die
Stellung ist im Lot, Komodo 0,00} Re8+ 27. Kd3 Ne5+ 28. Bxe5 Rxe5 29. c4 g4
30. Rc3 Ra5 31. Rc2 Kg7 32. Ke4 h5 33. Re2 Kf6 34. f4 Kg6 35. Rd2 f5+ 36.
Ke3 h4 37. gxh4 Kh5 38. Rd5 Ra3+ 39. Kd4 Rxa2 40. Rxf5+ Kxh4 {die Stellung
ist nach wie vor im Lot, Komodo 0,00} 41. Rf7 Rxh2 42. Rxa7 g3 43. Ke3 Rc2
44. Rh7+??? {ein absoluter Verlustzug, danach ist die Partie sofort
verloren, Komodo -4,00, Remis gehalten hätte f5 (auch Mephisto Berlin 68000
hatte diesen Fehler vorgeschlagen)} Kg4 45. Rg7+ Kh3 46. f5 Rxc4 {da ist
nichts mehr zu retten für Weiss, Komodo -6,00} 47. f6 Rc6 48. Rh7+ Kg2 49.
f7 Rf6 50. Rg7 Rf3+ 51. Ke4 Kf2 {Rest geschenkt, eine unnötige Niederlage
für Novag Diamond II} 0-1
[/pgn]
[pgn]

[Event "Turnier 40 / 120"]
[Site "Wien"]
[Date "2022.07.23"]
[Round "18"]
[White "Mephisto Berlin 68000 - 12 MHZ"]
[Black "Novag Diamond II H8 - 32 MHZ"]
[Result "0-1"]
[BlackElo "2135"]
[WhiteElo "2138"]

{Analyse ----> Komodo 13.02.} 1. Nf3 d5 2. c4 d4 3. e3 Nc6 4. exd4 Nxd4 5.
Nxd4 Qxd4 6. Nc3 e5 7. d3 Ne7 8. Qe2 {Buchende} Bd7 9. Be3 {Buchbewertung
Mephisto Berlin 68000: -0,06} Qd6 10. O-O-O O-O-O 11. Bxa7? {ein schwacher
Zug, nach dem Textzug steht Schwarz bereits klar besser, Komodo +1,20 mit
der Fortsetzung b6} b6 {Buchbewertung Novag Diamond II: -0,15} 12. c5 Qh6+
13. Rd2??? {ein ganz schwacher Zug, danach ist die Partie praktisch schon
verloren, Komodo -2,30, deutlich besser ist natürlich Kb1} Kb7 14. cxb6
cxb6 15. Bxb6 Qxb6 16. Qxe5 {Weiss hat immer noch 3 Bauern für den Läufer,
rein Materiell wäre es ja sogar ausgeglichen, Komodo jedoch +2,80 für
Schwarz} Be6??? {klar schwächer als Sc6, Komodo +1,80 für Schwarz} 17. Be2
Nc6 {besser ist Sf5, Komodo +1,50} 18. Bf3 Qc5 {besser ist Ka6, Komodo
+1,00} 19. Re1? {deutlich besser ist De3, Komodo -1,70} Qxe5 20. Rxe5 Kc7
21. Nb5+ Kd7 22. Bxc6+ Kxc6 23. Rc2+ Kb7 24. Nc7 {nach nicht ganz optimaler
Fortsetzung von Weiss ist die Partie bereits klar verloren für Weiss,
Komodo -2,40} Bd7 25. Nb5 Bc6 26. a4 Rxd3 27. f3 f6 28. Re6 Bxb5 29. axb5
Bd6 30. g3 Ra8 31. Rd2 Ra1+ 32. Kc2 Rxd2+ 33. Kxd2 Bb4+ 34. Kd3 Rb1 35.
Kc2??? {deutlich mehr Widerstand leistet noch Te8, nach dem Textzug ist
alles vorbei, Komodo -2,70 mit der Fortsetzung Te1} Re1 36. Rxe1 Bxe1 37.
Kd3 Kb6 38. Kc4 f5 39. g4 f4 40. b3 g5 41. h3 h6 42. Kd4 Kxb5 43. Ke5 Kb4
44. Ke4 Kxb3 {Rest geschenkt} 0-1
[/pgn]
[pgn]

[Event "Turnier 40 / 120"]
[Site "Wien"]
[Date "2022.07.23"]
[Round "19"]
[White "Novag Diamond II H8 - 32 MHZ"]
[Black "Mephisto Berlin 68000 - 12 MHZ"]
[Result "1/2-1/2"]
[BlackElo "2138"]
[WhiteElo "2135"]

{Analyse ---> Komodo 13.02.} 1. d4 d5 2. c4 e6 3. Nc3 Nf6 4. Bg5 Be7 5. e3
O-O 6. Nf3 Nbd7 7. Rc1 c6 8. Bd3 dxc4 9. Bxc4 Nd5 10. Bxe7 Qxe7 11. Ne4
N5f6 12. Nxf6+ Qxf6 13. O-O {Buchende} c5 14. Bb5 {Buchbewertung Novag
Diamond II: +0,69} cxd4 15. Qxd4 Qxd4 16. Nxd4 Nf6 {Buchende} 17. Rc5 b6
{Buchbewertung Mephisto Berlin 68000: -0,48 / lt. Komodo steht Weiss knapp
besser mit ca. +0,40} 18. Rc2 a6 19. Bc6 Ra7 20. Bf3 e5 21. Rfc1 exd4 22.
Rxc8 dxe3 23. fxe3 Re7 24. Kf2 Rxc8 25. Rxc8+ Re8 26. Rc6 Re6 27. Rc7 h5
28. Ke2 g5 29. Bc6 Kf8 30. h3 a5 31. g3 {die Stellung ist im Lot, Komodo
0,00} g4 32. h4 Ne4 33. Rc8+ Kg7 34. Bxe4 Rxe4 35. Kd3 Re6 36. Rb8 Rd6+ 37.
Ke4 Kg6 38. Rg8+ Kh7 39. Rg5 Kh6 40. Rd5 Re6+ 41. Kd4 Kg6 42. e4 f6 43. a3
Rc6 44. e5 Re6 45. exf6 Rxf6 46. a4 Rc6 47. Rg5+ Kh6 48. Rf5 Kg6 49. Rd5
Re6 50. Rg5+ Kh6 51. Rf5 Kg6 52. Re5 Rc6 53. Kd3 Kh6 54. Ke3 Rd6 55. Ke4
Kg6 56. Rg5+ Kh6 57. Rd5 Rf6 58. b3 Rf3 59. Rd6+ Kg7 60. Rxb6 Rxg3 61. Rb5
Kg6 62. Rxa5 Rxb3 63. Rg5+ Kh6 64. a5 Rh3 65. Rg8 Rxh4 66. Kf5 Rh1 67. Rg6+
Kh7 68. a6 Ra1 69. Rg5 Rf1+ 70. Ke4 Kh6 71. Ra5 Re1+ 72. Kf4 Rf1+ 73. Kg3
Rf3+ 74. Kg2 Rf8 75. a7 Ra8 76. Kg3 Kg6 77. Kh4 Kf6 78. Ra6+ {Remis
--------> ein absolut Fehlerfreie Partie beider Geräte auf allerhöchstem
Niveau, die keinen einzigen Kommentar erforderte und die Stellungbewertung
von Komodo 13.02. sich nur im Rahmen von +/- 0,40 bewegte !!!} 1/2-1/2
[/pgn]
[pgn]

[Event "Turnier 40 / 120"]
[Site "Wien"]
[Date "2022.07.24"]
[Round "20"]
[White "Mephisto Berlin 68000 - 12 MHZ"]
[Black "Novag Diamond II H8 - 32 MHZ"]
[Result "1/2-1/2"]
[BlackElo "2135"]
[WhiteElo "2138"]

{Analyse --> Komodo 13.02.} 1. c4 f5 2. d4 Nf6 3. g3 e6 4. Bg2 Be7 5. Nf3
{Buchende} d6 6. O-O {Buchbewertung Mephisto Berlin 68000: +0,42} O-O 7.
Nc3 {Buchzug / Buchende} a5 {Buchende} 8. Bg5 Nbd7 {Buchbewertung Novag
Diamond II: 0,00 / lt. Komodo steht Weiss klar besser mit ca. +0,80} 9. Qd3
Nb6 10. h3 Ne4 11. Bxe7 Qxe7 12. Nxe4 fxe4 13. Qxe4 Nxc4 14. Qd3 Nb6 15.
Rac1 c6 16. Qb3 Nd7 17. a3 a4 18. Qc4 Nf6 19. e3 Bd7 20. Qc2 Be8 21. Nh4 g5
22. Nf3 Bg6 23. Qe2 Ra5 24. Nd2 Rb5 25. Nc4 {die Stellung ist im Lot,
Komodo 0,00} Rb3 26. e4 Bxe4 {klar schwächer als d5, nach dem Textzug ist
Weiss im Vorteil, Komodo +0,70} 27. Bxe4 Nxe4 28. Qxe4 d5 29. Qe2 dxc4 30.
Rxc4 Ra8 {Weiss steht klar besser, Komodo +1,00} 31. Re1 Qf6 32. Qxe6+
{keine gute Wahl, danach ist der gesamte Vorteil dahin, Komodo 0,00} Qxe6
33. Rxe6 Rxb2 34. Rc5 Kf7 35. Rd6 Rg8 36. Ra5 Ke7 37. Rh6 Rf8 38. Rxh7+ Kd6
39. Rxg5 Rfxf2 40. Rh6+ Kc7 41. Rg7+??? {ein Verlustzug, danach ist die
Partie sofort verloren, Komodo +4,00 mit der Fortsetzung Kb8, nötig war
Th7+ mit nur geringem Vorteil für Schwarz mit ca. +0,50} Kb6??? {Novag
Diamond II verwirft im letzten Augenblick den Gewinnzug Kb8, Komodo +1,00}
42. Rhh7 Rg2+ 43. Kf1 Rgf2+ 44. Ke1??? {der Fairness halber sei gleich
gesagt, auch Novag Diamond II hatte diesen sofortigen Verlustzug
vorgeschlagen, der König muss nach g1 mit ca. +0,50 für Schwarz, der
Textzug übersieht ein Matt in 11 lt. Komodo.} Rfe2+ {die nötige Rechentiefe
dafür bleibt aber natürlich unerreichbar, und natürlich wählt Novag Diamond
II den falschen Turm, gewonnen hätte Tbe2+, nach dem Textzug ist Schwarz
nur noch geringfügig im Vorteil mit ca. +0,70} 45. Kf1 Rf2+ 46. Kg1 Rg2+
47. Kf1 Rgf2+ {Stellungswiederholung} 1/2-1/2
[/pgn]
[pgn]

[Event "Turnier 40 / 120"]
[Site "Wien"]
[Date "2022.07.25"]
[Round "21"]
[White "Novag Diamond II H8 - 32 MHZ"]
[Black "Mephisto Berlin 68000 - 12 MHZ"]
[Result "1-0"]
[BlackElo "2138"]
[WhiteElo "2135"]

{Analyse ---> Komodo 13.02.} 1. e4 e5 2. Nf3 Nc6 3. Bb5 a6 4. Ba4 Nf6 5.
O-O Be7 6. Re1 b5 7. Bb3 O-O 8. c3 d5 9. exd5 Nxd5 10. Nxe5 Nxe5 11. Rxe5
c6 12. d4 Bd6 13. Re2 {Buchende} Qh4 14. g3 {Buchbewertung Novag Diamond
II: +0,80 (Weiss hat einen Mehrbauern, lt. Komodo steht Weiss aber nur mit
ca. +0,40 besser)} Qh3 15. Nd2 Bf5 {Buchende} 16. Ne4? {nicht ideal,
deutlich besser ist a4, nach dem Textzug ist Schwarz leicht im Vorteil,
Komodo +0,30 mit der Fortsetzung Lg4} Be7?? {Buchbewertung Mephisto Berlin
68000: -0,87 gleich der 1. berechnet Zug ist ganz schlecht, danach steht
Weiss bereits klar besser, Komodo -1,30} 17. f3 Bg6 18. Bd2 Qh5 19. Qf1 Qf5
20. Rae1 Rfd8 21. Nc5 Bxc5 {besser ist Lf8, Komodo -1,80} 22. dxc5 Qd3??
{ein ganz schlechter Zug, danach ist die Partie bereits verloren, deutlich
mehr Widerstand leistet noch Dc8, Komodo -3,00 mit der Fortsetzung g4} 23.
Bg5 {klar schwächer als g4, allerdings steht Weiss trotzdem klar auf
Gewinn, Komodo +2,20} f6 24. Bf4 Kh8 25. Bd6 Qf5 26. Bc2 Qg5 {klar
schwächer als Dd7, Komodo -2,60} 27. Bxg6? {deutlich schwächer als Le4,
Komodo +1,50} Qxg6 28. Qh3 h6 29. Qe6 {besser ist Kf2, Komodo -1,20 mit der
Fortsetzung Te8} Ra7 {klar schwächer als Te8, Komodo -1,60} 30. Qe4 Qxe4
{besser ist Kh7, Komodo -2,00} 31. fxe4 Nc7 32. e5 fxe5? {klar schwächer
als Se8, danach ist die Partie praktisch schon verloren für Schwarz, Komodo
-3,00} 33. Rxe5 {Novag Diamond II: +2,50 ist schon siegessicher} Rd7
{Mephisto Berlin 68000: -1,30 ist noch viel zu optimistisch / Komodo -3,30}
34. Re7 Nd5 35. Rxd7 Rxd7 36. Re8+ Kh7 37. Rc8 Ne7 38. Bxe7 Rxe7 39. Rxc6
{ein 2. Mehrbauer für Weiss und ein weit vorgerückter Freibauer, da ist
nichts mehr zu retten für Schwarz, Komodo -5,00} Re2 {deutlich besser ist
noch Kg8, Komodo -8,00} 40. Rd6?? {gewinnt natürlich auch, trotzdem
unverständlich, warum nicht Txa6 ?, Komodo +6,00} Rxb2??? {spielt zwar
keine Rolle, verliert aber forciert, Komodo -15,00 mit der Fortsetzung c6}
41. c6 {Novag Diamond II: +6,61} Rc2 {Mephisto Berlin 68000: -7,18} 42. Rd3
Rc1+ 43. Kg2 Rc2+ 44. Kh3 Rxa2 {Komodo Matt in 10} 45. c7 Rf2 46. c8=Q Rf6
47. Rd8 h5 {Mephisto Berlin 68000: -13,8 ------> aufgegeben !} 1-0
[/pgn]
[pgn]

[Event "Turnier 40 / 120"]
[Site "Wien"]
[Date "2022.07.25"]
[Round "22"]
[White "Mephisto Berlin 68000 - 12 MHZ"]
[Black "Novag Diamond II H8 - 32 MHZ"]
[Result "1/2-1/2"]
[BlackElo "2135"]
[WhiteElo "2138"]

{Analyse ----> Komodo 13.02.} 1. e4 c6 2. d4 d5 3. exd5 cxd5 4. c4 Nf6 5.
Nc3 e6 6. cxd5 Nxd5 7. Nf3 Be7 8. Bd3 {Buchende} Nc6 9. O-O {Buchbewertung
Mephisto Berlin 68000: +0,06} O-O {Buchende} 10. Bb1 Nf6 {Buchbewertung
Novag Diamond II: +0,07 lt. Komodo steht Weiss etwas besser mit ca. +0,40}
11. Bg5 Qb6 12. Qc2 g6 13. Ne2 Bd7 14. Qd2 Nd5 15. Be4 Bxg5 16. Nxg5 h6 17.
Nf3 Nf6 18. Bd3 Kg7 19. Rac1 Rac8 20. a3 Na5 21. Rxc8 Rxc8 22. b4 Nc4 23.
Bxc4 Rxc4 24. Ne5 Rc7 25. Ra1 Qa6 26. Ng3 Bb5 27. Rc1 Rxc1+ 28. Qxc1 Nd5
{die Stellung ist im Lot} 29. Ne4 Qb6 30. Qc5 Qxc5 31. dxc5 f5 {besser ist
f6, nach dem Textzug ist Weiss etwas im Vorteil, Komodo +0,60 mit der
Fortsetzung Sd6} 32. Nd6 Nc3? {deutlich schwächer als a6, nach dem Textzug
ist Weiss bereits entscheidend im Vorteil, Komodo +1,70 mit der Fortsetzung
f4} 33. Nxb7? {weit schwächer als f4, nach dem Textzug ist Weiss nur noch
knapp im Vorteil mit ca. +0,30} Kf6 34. Nf3 Ne2+ 35. Kh1 Bc6 36. Na5 Bxf3?
{ein ganz schlechter Zug, danach ist die Partie praktisch schon verloren,
Komodo -1,60, nötig war Lb5 mit ca. +0,60 für Weiss} 37. gxf3 Nd4 38. f4?
{klar schwächer als a4, Komodo +1,00} g5??? {ein Verlustzug, danach ist die
Partie bereits verloren, Komodo -2,00 nötig war e5 mit ca. +0,80 für Weiss}
39. fxg5+ hxg5 40. Nc4 e5 41. a4 a6 42. Na3??? {ein ganz schlechter Zug,
der nahezu den gesamten Vorteil verspielt, Komodo nur noch +0,50 für Weiss,
nötig war Sd6 mit ca. +2,00} Ke6 43. b5 axb5 44. axb5 e4 45. Kg2 Kd5 46. c6
Kd6 47. h4 {danach ist die Partie bereits klar Remis, Komodo 0,00} gxh4 48.
Kh3 Kc7 49. Kxh4 f4 50. Kh3 e3 51. fxe3 fxe3 52. Kg3 Nxb5 53. Nxb5+ Kxc6
1/2-1/2
[/pgn]
[pgn]

[Event "Turnier 40 / 120"]
[Site "Wien"]
[Date "2022.07.26"]
[Round "23"]
[White "Novag Diamond II H8 - 32 MHZ"]
[Black "Mephisto Berlin 68000 - 12 MHZ"]
[Result "1-0"]
[BlackElo "2138"]
[WhiteElo "2135"]

{Analyse ----> Komodo 13.02.} 1. e4 d6 2. d4 Nf6 3. Nc3 g6 4. f4 Bg7 5. Nf3
c5 6. Bb5+ Bd7 7. e5 Ng4 8. e6 Bxb5 9. exf7+ Kd7 10. Nxb5 Qa5+ 11. Nc3 cxd4
12. Nxd4 {Buchende} h5 {Buchende} 13. Qf3 {Buchbewertung Novag Diamond II:
+1,46 !!! / das ist aber weit überzogen, lt. Komodo steht Weiss nur etwas
besser mit ca. +0,50} Nc6 {Buchbewertung Mephisto Berlin 68000: -0,57 /
realistisch !} 14. Nxc6 bxc6 15. Bd2 Qf5 16. h3 Nh6 17. f8=Q Rhxf8 18.
O-O-O Rab8 19. Rhe1 Rb7 20. b3 {Weiss steht etwas besser, Komodo +0,80} Qf6
21. g4 hxg4 22. hxg4 Nf7 23. Qe2 e6??? {ein Verlustzug, danach ist die
Partie praktisch schon verloren, Komodo +2,20 mit der Fortsetzung g5, nötig
war Sd8 mit etwa +0,60 für Weiss} 24. Rh1??? {das ist allerdings ganz
schwach, Komodo nur noch +0,80 für Weiss} Rh8 {besser ist d5, Komodo +1,20
für Weiss} 25. Rxh8 Nxh8??? {der nächste Verlustzug, hier gewinnt wieder
g5, Komodo -2,30, nötig war natürlich Lxh8 mit ca. +1,20 für Weiss} 26.
Rh1?? {Novag Diamond II kommt aber nicht drauf, Komodo +1,30 für Weiss} Nf7
27. Rh7?? {ganz schwach, damit ist nahezu der gesamte Vorteil dahin, Komodo
-0,30 mit der Fortsetzung g5, klaren Vorteil versprach Dd3} Nd8?? {doch
diese Stellung überfordert offensichtlich bei weitem beide Geräte, es
werden praktisch nur Fehlentscheidungen getroffen, nach dem Textzug ist
Weiss wieder klar im Vorteil, Komodo +2,00} 28. g5 Qf8 29. Qd3 Kc8 30. Rh4
d5 31. Qxg6 Qa3+ 32. Kb1 Qc5 {die Stellung ist klar verloren für Schwarz,
Komodo -2,50} 33. Ne2 {besser ist Dd3, Komodo +2,00} Qf2 34. Qh5 Qf1+ 35.
Bc1 Kb8 {klar schwächer als c5, Komodo -3,70} 36. Rh1 Qg2 37. Bb2 Bxb2
{klar schwächer als Kc8, Komodo -7,00, da ist nichts mehr zu retten für
Schwarz} 38. Rh2?? {was soll dieser Trickzug, warum nicht einfach Kxb2, um
ganze 3 Bauerneinheiten schwächer, Komodo +4,00} Qe4 39. Qe8? {unsinnig,
klar schwächer als Kxb2, Komodo +3,00} Kc8 40. Kxb2 c5??? {ein absoluter
Verlustzug, um ganze 7 Bauerneinheiten !!! schlechter als d4, Komodo +10,00
mit der Fortsetzung Th8} 41. Rh8 Rd7 42. g6 Qf5 43. Rf8 Qg4 44. Nc3 {Komodo
+15,00} Kc7 45. f5 exf5 {Komodo Matt in 11} 46. Nb5+ Kc8 47. Qe6 Qxg6
{Mephisto Berlin 68000: Selbstmatt in 9 -------> aufgegeben !} 1-0
[/pgn]
[pgn]

[Event "Turnier 40 / 120"]
[Site "Wien"]
[Date "2022.07.26"]
[Round "24"]
[White "Mephisto Berlin 68000 - 12 MHZ"]
[Black "Novag Diamond II H8 - 32 MHZ"]
[Result "0-1"]
[BlackElo "2135"]
[WhiteElo "2138"]

{Analyse ------> Komodo 13.02.} 1. e4 c5 2. Nf3 d6 3. d4 cxd4 4. Nxd4 Nf6
5. Nc3 a6 6. Bg5 e6 7. f4 Be7 8. Qf3 Qc7 9. O-O-O Nbd7 10. g4 b5 11. Bxf6
Nxf6 12. g5 Nd7 13. f5 Bxg5+ 14. Kb1 Ne5 15. Qh5 {Buchende} Qe7 16. Nxe6
{Buchbewertung Mephisto Berlin 68000: +0,09} Bxe6 17. fxe6 g6 18. exf7+
Kxf7 {Buchende} 19. Qh3 Kg7 {Buchbewertung Novag Diamond II: -0,65 / lt.
Komodo eine ganz schlechte Eröffnung von Schwarz +1,20 für Weiss} 20. Nd5
Qa7 21. Qg3 Bh6 22. Bh3?? {ein schwacher Zug, der den gesamten Vorteil
verspielt, danach ist die Stellung im Lot, klaren Vorteil versprach h4 /
Komodo 0,00} Rhf8 23. Rhf1 a5 24. Nc3 Qa6 {besser ist Db6, Komodo +0,60 für
Weiss} 25. Rd5 b4 26. Nb5 Rxf1+ 27. Bxf1 Rf8 28. Be2 Rf6 29. Qg2 {die
Stellung ist wieder im Lot / Komodo 0,00 mit der Fortsetzung Db6} Qb6 30.
Nd4 Bf4 31. Qf2 Kg8 32. h3?? {ein schwacher Zug, danach ist Schwarz klar im
Vorteil, Komodo +1,20 mit der Fortsetzung Sc6, nötig war Dh4 und die
Stellung wäre exakt im Lot} Bg5?? {verpasst klaren Vorteil, nach dem
Textzug ist die Stellung wieder im Lot} 33. Qg3 h6 34. h4 Bf4 35. Qb3 Kh7
36. h5 gxh5 37. Qh3 {klar schwächer als Lxh5, nach dem Textzug ist die
Stellung wieder im Lot, Komodo 0,00 mit der Fortsetzung a4} a4 38. Qh4 Bg5
39. Qxh5 a3 40. b3 {besser ist Dh3, nach dem Textzug ist Schwarz etwas im
Vorteil, Komodo +0,80 mit der Fortsetzung Dc7} Qc7 41. Nb5 Qb6 42. Qh1???
{ein absoluter Verlustzug, danach ist die Partie sofort verloren, Komodo
-6,00 mit der Fortsetzung De3, nötig war Sd4 mit ca. +0,80 für Schwarz}
Qe3! {der richtige Zug, Novag Diamond II sieht sich aber nur mit +0,57 im
Vorteil} 43. Qd1? {Mephisto Berlin 68000 sieht auch noch keine Bedrohung,
nur -0,30 / besser war noch Lh5, Komodo -10,00 mit der Fortsetzung Tf2}
Rf2! 44. Bf1 {Mephisto Berlin 68000: -0,30 / Komodo -25,00 mit der
Forstetzung Sf3} Be7??? {Novag Diamond II: +0,88 / dieser Zug ist um ganze
18 Bauerneinheiten !! schlechter als Sf3, trotzdem steht Schwarz klar auf
Gewinn, Komodo +7,00} 45. Ka1 Bf6 {Komodo Matt in 14} 46. Kb1 Nf3 47. e5
{Mephisto Berlin 68000: -2,12} Nd2+ {Novag Diamond II: +4,92 / Komodo Matt
in 13} 48. Rxd2 Rxd2 49. Bd3+ Qxd3 {richtig war Kh8, aber es ist natürlich
schon egal hier gewinnt jede plausible Fortsetzung, Komodo +13,00} 50. cxd3
Rxd1+ 51. Kc2 Rf1 52. exf6 Rxf6 {Rest geschenkt} 0-1
[/pgn]
[pgn]